00560 2200193 4500001002100000005001500021035002000036245010300056100002300159300002600182260004800208082001000256084001600266020002200282600001100304990001700315990001700332990001700349INLIS00000000000106720250723071744 a0010-07250000491 aTraveling Asyik Ibadah Jalan Terus Panduan Ibadah Khusus Saat Melakukan Safar /cMuhammad Muhlisih0 aMuhlisih, Muhammad a132 hlm ;c14 X 21 cm aYogyakarta :bCV Abadi Selaras Karya,c2023 a297.3 a297.3 MUH t a978-623-6335-23-9 4aIbadah a3591/PP/2025 a3592/PP/2025 a3593/PP/2025